Consumer Europe 2014.
| Format: | Book |
|---|---|
| Published: |
London:
Euromonitor International,
2013.
|
| Edition: | 29th ed. |
| Subjects: |
| LEADER | 00512cam a2200169 7i4500 | ||
|---|---|---|---|
| 001 | 0000031788 | ||
| 005 | 20141013090000.0 | ||
| 020 | 0 | 0 | |a 9781842646137 |
| 090 | 0 | 0 | |a EURO 658.834 |b CON |
| 245 | 0 | 0 | |a Consumer Europe 2014. |
| 250 | 0 | 0 | |a 29th ed. |
| 260 | 0 | 0 | |a London: |b Euromonitor International, |c 2013. |
| 300 | # | # | |a 536 p. |
| 650 | 0 | 0 | |a Consumer -- |x Research -- |z Europe |
| 650 | 0 | 0 | |a Consumer -- |x Markets -- |z Europe |
| 650 | 0 | 0 | |a Consumer behavior -- |z Europe |
| 999 | |a B000034588 |b Book |c Regions |e Business Information Centre | ||


